000
00336 a2200157 4500
001
48361
020
_a
9788573192421
040
_c
Anchieta - Bela Vista
100
_a
MAGDALENA
240
1
0
_a
Vovô resmungão
_l
por
245
1
0
_a
Vovô resmungão
300
_a
24 p.
362
0
_a
2008
650
4
_a
Literatura infantil
942
_c
BK
999
_c
48361
_d
48361